书目信息 |
| 题名: |
决策、不确定性和大脑
|
|
| 作者: | 格莱姆齐 , 保罗·格莱姆齐 著 ;贺京同 , 王晓岚 , 李峰 译 | |
| 分册: | ||
| 出版信息: | 北京 中国人民大学出版社 2010.03 |
|
| 页数: | 323页 | |
| 开本: | 24cm | |
| 丛书名: | 行为和实验经济学经典译丛 | |
| 单 册: | ||
| 中图分类: | F069.9 | |
| 科图分类: | ||
| 主题词: | 行为经济学--xing wei jing ji xue | |
| 电子资源: | ||
| ISBN: | 978-7-300-11858-1 | |
| 000 | 01999nam 2200361 450 | |
| 001 | B00000033132 | |
| 005 | 20110715084024.75 | |
| 010 | @a978-7-300-11858-1@dCNY42.00 | |
| 100 | @a20100427d2010 km y0chiy50 ea | |
| 101 | 1 | @achi@ceng |
| 102 | @aCN@b110000 | |
| 105 | @aa a 001yy | |
| 106 | @ar | |
| 200 | 1 | @a决策、不确定性和大脑@Ajue ce bu que ding xing he da nao@d= Decisions,uncertainty and the brain:the science of neuroeconomics@e神经经济学@f(美) 保罗·格莱姆齐(Paul W.Glimcher)著@F(mei)bao luo·ge lai mu qi(Paul W.Glimcher)zhu@g贺京同, 王晓岚, 李峰等译@zeng |
| 210 | @a北京@c中国人民大学出版社@d2010.03 | |
| 215 | @a323页@c图@d24cm | |
| 225 | 2 | @a行为和实验经济学经典译丛@Axing wei he shi yan jing ji xue jing dian yi cong |
| 320 | @a有书目 (第283-290页) 和索引 | |
| 330 | @a这是一部充满挑战性的著作。在书中,保罗·格莱姆齐指出,在对大脑和行为的研究中,经济学理论有可能取代经典的笛卡儿模型。勒内·笛卡儿(1596-1650)相信,所有的行为都可被归入简单行为与复杂行为两类。 | |
| 333 | @a这是一部充满挑战性的著作。在书中,保罗·格莱姆齐指出,在对大脑和行为的研究中,经济学理论有可能取代经典的笛卡儿模型。勒内·笛卡儿(1596-1650)相信,所有的行为都可被归入简单行为与复杂行为两类。简单行为是指,在某些行为中,一个给定的感觉事件必然会引起一·项适当的运动反应。而复杂行为则意味着,在某些行为中刺激与反应的关系不可预测。所有这些行为都是笛卡儿所称为的心灵过程的产物,但现代科学家却可能把它称作认知或意志。 | |
| 410 | 0 | @12001 @a行为和实验经济学经典译丛 |
| 500 | 10 | @aDecisions,uncertainty and the brain:the science of neuroeconomics@mChinese |
| 517 | 1 | @a神经经济学@Ashen jing jing ji xue |
| 586 | @a | |
| 606 | 0 | @a行为经济学@Axing wei jing ji xue |
| 690 | @aF069.9@v5 | |
| 701 | 1 | @a格莱姆齐@Age lai mu qi@g(Glimcher, P.W.)@4著 |
| 701 | 0 | @a保罗·格莱姆齐@Abao luo·ge lai mu qi@bPaulW.Glimcher@4著 |
| 702 | 0 | @a贺京同@Ahe jing tong@4译 |
| 702 | 0 | @a王晓岚@Awang xiao lan@4译 |
| 702 | 0 | @a李峰@Ali feng@4译 |
| 801 | 0 | @aCN@c20110610 |
| 905 | @dF069.9@eG277@f3 | |
| 决策、不确定性和大脑= Decisions,uncertainty and the brain:the science of neuroeconomics:神经经济学/(美) 保罗·格莱姆齐(Paul W.Glimcher)著/贺京同, 王晓岚, 李峰等译.-北京:中国人民大学出版社,2010.03 |
| 323页:图;24cm.-(行为和实验经济学经典译丛) |
| 使用对象:这是一部充满挑战性的著作。在书中,保罗·格莱姆齐指出,在对大脑和行为的研究中,经济学理论有可能取代经典的笛卡儿模型。勒内·笛卡儿(1596-1650)相信,所有的行为都可被归入简单行为与复杂行为两类。简单行为是指,在某些行为中,一个给定的感觉事件必然会引起一·项适当的运动反应。而复杂行为则意味着,在某些行为中刺激与反应的关系不可预测。所有这些行为都是笛卡儿所称为的心灵过程的产物,但现代科学家却可能把它称作认知或意志。 |
| ISBN 978-7-300-11858-1:CNY42.00 |
| 这是一部充满挑战性的著作。在书中,保罗·格莱姆齐指出,在对大脑和行为的研究中,经济学理论有可能取代经典的笛卡儿模型。勒内·笛卡儿(1596-1650)相信,所有的行为都可被归入简单行为与复杂行为两类。 |
| ● |
| 相关链接 |
|
|
|
正题名:决策、不确定性和大脑
索取号:F069.9/G277
 
预约/预借
| 序号 | 登录号 | 条形码 | 馆藏地/架位号 | 状态 | 备注 |
| 1 | 883292 | 208832922 | 社科二线422/409社科库 65排4列1层/ [索取号:F069.9/G277] | 在馆 | |
| 2 | 883293 | 208832931 | 社科二线422/422社科库 30排1列2层/ [索取号:F069.9/G277] | 在馆 | |
| 3 | 883294 | 208832940 | 社科二线422/409社科库 65排4列1层/ [索取号:F069.9/G277] | 在馆 |